书目信息 |
| 题名: |
化学多媒体素材制作和应用
|
|
| 作者: | 袁中直 , 肖信 编著 | |
| 分册: | ||
| 出版信息: | 北京 化学工业出版社 2004 |
|
| 页数: | 255页 | |
| 开本: | 26cm | |
| 丛书名: | 化学化工中计算机应用技术丛书 | |
| 单 册: | ||
| 中图分类: | O6-4 | |
| 科图分类: | ||
| 主题词: | 化学--多媒体--计算机辅助教学--软件工具 , 化学 , 多媒体 , 计算机辅助教学 , 软件工具 | |
| 电子资源: | ||
| ISBN: | 7-5025-4874-2 | |
| 000 | 01191oam2 2200325 450 | |
| 001 | 002573560 | |
| 005 | 20070805104254.45 | |
| 010 | @a7-5025-4874-2@dCNY39.00 | |
| 100 | @a20040206d2004 em y0chiy0110 ea | |
| 101 | 0 | @achi |
| 102 | @aCN@b110000 | |
| 105 | @ay z 000yy | |
| 106 | @ar | |
| 200 | 1 | @a化学多媒体素材制作和应用@Ahua xue duo mei ti su cai zhi zuo he ying yong@f袁中直,肖信编著@Fyuan zhong zhi, xiao xin bian zhu |
| 210 | @a北京@c化学工业出版社@d2004 | |
| 215 | @a255页@d26cm@e光盘1片 | |
| 225 | 2 | @a化学化工中计算机应用技术丛书@Ahua xue hua gong zhong ji suan ji ying yong ji shu cong shu |
| 307 | @a附光盘 ISBN7-89996-250-1 | |
| 330 | @a该书分为基础篇、提高篇和应用篇,共三篇十一章。分别介绍了文本素材、图形图像素材制作、动画素材的制作、音频与视频素材的制作等诸多内容。 | |
| 461 | 0 | @1001002573556@12001 @a化学化工中计算机应用技术丛书 |
| 606 | 0 | @a化学@x多媒体@x计算机辅助教学@x软件工具 |
| 606 | 0 | @a化学 |
| 606 | 0 | @a多媒体 |
| 606 | 0 | @a计算机辅助教学 |
| 606 | 0 | @a软件工具 |
| 690 | @aO6-4@v4 | |
| 701 | 0 | @a袁中直@Ayuan zhong zhi@c(化学)@4编著 |
| 701 | 0 | @a肖信@Axiao xin@c(化学)@4编著 |
| 801 | 0 | @aCN@bNLC@c20070805 |
| 905 | @dO6-4@e400@f5 | |
| 化学多媒体素材制作和应用/袁中直,肖信编著.-北京:化学工业出版社,2004 |
| 255页;26cm+光盘1片.-(化学化工中计算机应用技术丛书) |
| ISBN 7-5025-4874-2:CNY39.00 |
| 该书分为基础篇、提高篇和应用篇,共三篇十一章。分别介绍了文本素材、图形图像素材制作、动画素材的制作、音频与视频素材的制作等诸多内容。 |
| ● |
| 相关链接 |
|
|
|
|
正题名:化学多媒体素材制作和应用
索取号:O6-4/400
 
预约/预借
| 序号 | 登录号 | 条形码 | 馆藏地/架位号 | 状态 | 备注 |
| 1 | 0850732 | 208507329 | 第二样本阅览室/ [索取号:O6-4/400] | 在馆 | |
| 2 | 0850733 | 208507338 | 第三借阅区/ [索取号:O6-4/400] | 在馆 | |
| 3 | 0850734 | 208507347 | 第三借阅区/ [索取号:O6-4/400] | 在馆 | |
| 4 | 0850735 | 208507356 | 第三借阅区/ [索取号:O6-4/400] | 在馆 | |
| 5 | 0850736 | 208507365 | 第三借阅区/ [索取号:O6-4/400] | 在馆 |